[Event "Titled Tuesday intern op 5th May"]
[Site "Chess.com INT"]
[Date "2020.05.05"]
[Round "6"]
[White "De Borba, Guilherme"]
[Black "Neimer, Vitaly"]
[Result "0-1"]
[WhiteElo "2279"]
[BlackElo "2349"]
[PlyCount "60"]
[EventDate "2020.05.05"]
[EventType "swiss (blitz)"]
[EventRounds "10"]
[EventCountry "USA"]
[SourceTitle "CBM 196 Extra"]
[Source "ChessBase"]
[SourceDate "2020.07.31"]
[SourceVersion "1"]
[SourceVersionDate "2020.07.31"]
[SourceQuality "1"]

1. d4 Nf6 2. Bf4 e6 3. e3 d5 4. Nf3 Bd6 5. Bg3 0-0 6. Nbd2 c5 7. c3 Qc7 8. Bd3 Nbd7 9. 0-0 e5 10. dxe5 Nxe5 11. Bxe5 Bxe5 12. e4 dxe4 13. Nxe4 Nxe4 14. Bxe4 Bf6 15. Qc2 g6 16. Rfe1 Be6 17. Rad1 Rad8 18. h3 b6 19. Rxd8 Rxd8 20. Rd1 Rxd1+ 21. Qxd1 Bxa2 22. b3 c4 23. b4 Bb3 24. Qd2 a5 25. bxa5 bxa5 26. Nd4 a4 27. Nxb3 cxb3 28. Bd5 Qxc3 29. Qf4 Qa1+ 30. Kh2 Be5 0-1

[Event "Titled Tuesday intern op 5th May"]
[Site "Chess.com INT"]
[Date "2020.05.05"]
[Round "1"]
[White "Neimer, Vitaly"]
[Black "Szente Varga, Fruzsina"]
[Result "1-0"]
[WhiteElo "2349"]
[BlackElo "2100"]
[PlyCount "77"]
[EventDate "2020.05.05"]
[EventType "swiss (blitz)"]
[EventRounds "10"]
[EventCountry "USA"]
[SourceTitle "EXT 2021"]
[Source "ChessBase"]
[SourceDate "2020.10.23"]
[SourceVersion "1"]
[SourceVersionDate "2020.10.23"]
[SourceQuality "1"]

1. d4 Nf6 2. Nf3 g6 3. g3 Bg7 4. Bg2 d5 5. 0-0 0-0 6. c4 c6 7. Qb3 dxc4 8. Qxc4 Be6 9. Qc2 Bf5 10. Qb3 Qb6 11. Qxb6 axb6 12. Nc3 Ne4 13. Nh4 Nxc3 14. bxc3 Bd7 15. Bg5 e5 16. Nf3 e4 17. Ne5 f6 18. Nxd7 Nxd7 19. Bf4 f5 20. e3 b5 21. f3 exf3 22. Bxf3 Ra6 23. a3 Rfa8 24. Bd6 Bf8 25. Bxf8 Kxf8 26. e4 fxe4 27. Bxe4+ Kg8 28. d5 Nc5 29. Bg2 Rxa3 30. Rxa3 Rxa3 31. dxc6 bxc6 32. Bxc6 Rb3 33. Bd5+ Kg7 34. Rf7+ Kh6 35. Bxb3 Nxb3 36. Rb7 Nd2 37. Rxb5 Ne4 38. c4 Nd6 39. Rc5 1-0

[Event "Titled Tuesday intern op 5th May"]
[Site "Chess.com INT"]
[Date "2020.05.05"]
[Round "4"]
[White "Neimer, Vitaly"]
[Black "Vysochin, Spartak"]
[Result "1/2-1/2"]
[WhiteElo "2349"]
[BlackElo "2501"]
[PlyCount "103"]
[EventDate "2020.05.05"]
[EventType "swiss (blitz)"]
[EventRounds "10"]
[EventCountry "USA"]
[SourceTitle "CBM 196 Extra"]
[Source "ChessBase"]
[SourceDate "2020.07.31"]
[SourceVersion "1"]
[SourceVersionDate "2020.07.31"]
[SourceQuality "1"]

1. d4 d5 2. Nf3 Nf6 3. g3 c6 4. Bg2 Bg4 5. Ne5 Bf5 6. c4 e6 7. 0-0 Nbd7 8. Nxd7 Qxd7 9. c5 Be7 10. Nc3 0-0 11. Bf4 Rfe8 12. b4 a6 13. a4 h6 14. Qb3 Ne4 15. f3 Nxc3 16. Qxc3 Bf6 17. Rfd1 Qe7 18. Bd6 Qd8 19. e4 Bh7 20. e5 Be7 21. Bf1 f6 22. f4 fxe5 23. fxe5 Rf8 24. b5 axb5 25. axb5 Rxa1 26. Rxa1 Be4 27. Bh3 Bf5 28. Bxf5 Rxf5 29. bxc6 bxc6 30. Bxe7 Qxe7 31. Rf1 Qf7 32. Qd3 Rxf1+ 33. Qxf1 Qg6 34. Qe2 Qf5 35. Kg2 Kh7 36. h3 g5 37. Qf2 Kg6 38. Qxf5+ Kxf5 39. Kf3 g4+ 40. hxg4+ Kg5 41. Kf2 Kxg4 42. Kg2 h5 43. Kf2 h4 44. gxh4 Kxh4 45. Kf3 Kh3 46. Kf4 Kh4 47. Kf3 Kg5 48. Kg3 Kf5 49. Kf3 Kg5 50. Kg3 Kh5 51. Kh3 Kg5 52. Kg3 1/2-1/2

[Event "Titled Tuesday intern op 1st Jan"]
[Site "Chess.com INT"]
[Date "2019.01.01"]
[Round "5"]
[White "Neimer, Vitaly"]
[Black "Martinez Ramirez, Lennis"]
[Result "1-0"]
[WhiteElo "2349"]
[BlackElo "2432"]
[PlyCount "103"]
[EventDate "2019.01.01"]
[EventType "swiss (blitz)"]
[EventRounds "10"]
[EventCountry "USA"]
[SourceTitle "EXT 2021"]
[Source "ChessBase"]
[SourceDate "2020.10.23"]
[SourceVersion "1"]
[SourceVersionDate "2020.10.23"]
[SourceQuality "1"]

1. Nf3 d5 2. c4 c6 3. e3 Nf6 4. Nc3 g6 5. d4 Bg7 6. Bd3 0-0 7. 0-0 Bf5 8. Bxf5 gxf5 9. Qc2 e6 10. b3 Nbd7 11. a4 Ne4 12. Ba3 Re8 13. Rac1 Kh8 14. Ne2 Rg8 15. Ng3 Bf8 16. Bxf8 Nxf8 17. cxd5 Qxd5 18. Ne5 f6 19. Nd3 Ng6 20. f3 Nxg3 21. hxg3 Rg7 22. Qc4 Ne7 23. Kf2 Rag8 24. Nf4 Qxc4 25. bxc4 Rxg3 26. Rg1 e5 27. Ne6 R3g6 28. Rb1 b6 29. a5 Nc8 30. axb6 Nxb6 31. c5 Nd5 32. Rb7 f4 33. exf4 exf4 34. Rh1 h6 35. Rxa7 f5 36. Nc7 Rxg2+ 37. Ke1 Rb8 38. Rxh6+ Kg8 39. Ra8 Rxa8 40. Nxa8 Ne3 41. Rxc6 Nc2+ 42. Kf1 Rd2 43. Rd6 Nxd4 44. c6 Rd1+ 45. Kg2 Rd2+ 46. Kh3 Rd3 47. c7 Rxf3+ 48. Kh2 Rf2+ 49. Kg1 Rd2 50. c8Q+ Kg7 51. Qc7+ Kf8 52. Rd8# 1-0

[Event "Titled Tuesday intern op 1st Jan"]
[Site "Chess.com INT"]
[Date "2019.01.01"]
[Round "1"]
[White "Neimer, Vitaly"]
[Black "Mihajlov, Sebastian"]
[Result "0-1"]
[WhiteElo "2349"]
[BlackElo "2363"]
[PlyCount "88"]
[EventDate "2019.01.01"]
[EventType "swiss (blitz)"]
[EventRounds "10"]
[EventCountry "USA"]
[SourceTitle "EXT 2021"]
[Source "ChessBase"]
[SourceDate "2020.10.23"]
[SourceVersion "1"]
[SourceVersionDate "2020.10.23"]
[SourceQuality "1"]

1. Nf3 Nf6 2. c4 g6 3. g3 Bg7 4. Bg2 0-0 5. d4 d6 6. 0-0 Nc6 7. Nc3 Bf5 8. Ne1 Qc8 9. e4 Bh3 10. f3 Bxg2 11. Kxg2 Na5 12. b3 c5 13. Nc2 a6 14. Bb2 Nd7 15. Nd5 Qd8 16. Qc1 e6 17. Nde3 b5 18. dxc5 dxc5 19. Bxg7 Kxg7 20. Rd1 Qe7 21. Qd2 Ra7 22. Qxa5 b4 23. a3 Rb8 24. axb4 cxb4 25. Nd4 Rb6 26. Ne2 Rab7 27. h4 h5 28. g4 hxg4 29. Nxg4 Nc5 30. Rab1 f5 31. Nf2 e5 32. Rd5 Rc6 33. Qa1 Nd7 34. Rh1 Re6 35. Ng3 f4 36. Ne2 Nf6 37. Nxf4 exf4 38. h5 Kg8 39. h6 Kh7 40. Nh3 Nxd5 41. cxd5 Re5 42. Qxa6 Ra7 43. Qe2 Rh5 44. e5 Rxe5 0-1

[Event "Titled Tuesday intern op 1st Jan"]
[Site "Chess.com INT"]
[Date "2019.01.01"]
[Round "9"]
[White "Neimer, Vitaly"]
[Black "Srebrnic, Marko"]
[Result "1-0"]
[WhiteElo "2349"]
[BlackElo "2370"]
[PlyCount "107"]
[EventDate "2019.01.01"]
[EventType "swiss (blitz)"]
[EventRounds "10"]
[EventCountry "USA"]
[SourceTitle "EXT 2021"]
[Source "ChessBase"]
[SourceDate "2020.10.23"]
[SourceVersion "1"]
[SourceVersionDate "2020.10.23"]
[SourceQuality "1"]

1. Nf3 d6 2. d4 Nf6 3. g3 Nbd7 4. Bg2 e5 5. c4 Be7 6. Nc3 0-0 7. 0-0 c6 8. b3 Qc7 9. Bb2 a6 10. Rc1 Re8 11. e4 Bf8 12. Re1 a5 13. h3 exd4 14. Nxd4 Ne5 15. f4 Ng6 16. g4 Nd7 17. Qf3 Nc5 18. Rcd1 Bd7 19. Nf5 Rad8 20. Qg3 Bc8 21. h4 Ne7 22. h5 Nxf5 23. gxf5 f6 24. Bf3 h6 25. Rd2 Kh8 26. Nd1 Qf7 27. Nf2 d5 28. cxd5 cxd5 29. Red1 dxe4 30. Rxd8 exf3 31. Qxf3 Bxf5 32. Qd5 Be6 33. Qf3 Bf5 34. Ba3 Kh7 35. Rxe8 Qxe8 36. Qd5 Be6 37. Qd8 Qf7 38. Qxa5 Qxh5 39. Qd8 Qf7 40. Qb6 Nd7 41. Qa5 Bxa3 42. Qxa3 Qg6+ 43. Kf1 Bf5 44. Qb4 b6 45. Qb5 Qh5 46. Rd5 Bh3+ 47. Ke1 Qh4 48. Qd3+ Kh8 49. Qxh3 Qxf4 50. Rxd7 Qe5+ 51. Kf1 Qa1+ 52. Kg2 Qe5 53. Qg3 Qe8 54. Qxg7# 1-0

[Event "Titled Tuesday intern op 5th June"]
[Site "Chess.com INT"]
[Date "2018.06.05"]
[Round "6"]
[White "Neimer, Vitaly"]
[Black "Melkumyan, Hrant"]
[Result "0-1"]
[WhiteElo "2349"]
[BlackElo "2662"]
[PlyCount "102"]
[EventDate "2018.06.05"]
[EventType "swiss (blitz)"]
[EventRounds "10"]
[EventCountry "USA"]
[SourceTitle "EXT 2021"]
[Source "ChessBase"]
[SourceDate "2020.10.23"]
[SourceVersion "1"]
[SourceVersionDate "2020.10.23"]
[SourceQuality "1"]

1. d4 Nf6 2. Nf3 g6 3. g3 Bg7 4. Bg2 0-0 5. 0-0 d6 6. c4 Nc6 7. Nc3 Bf5 8. b3 Ne4 9. Nd5 e6 10. Ne3 Nc3 11. Qd2 Nxd4 12. Nxd4 Bxd4 13. g4 Bxg4 14. Nxg4 Nxe2+ 15. Qxe2 Bxa1 16. Bb2 Bxb2 17. Qxb2 e5 18. f4 Qh4 19. h3 h5 20. Ne3 c6 21. fxe5 Rae8 22. Qf2 Qxf2+ 23. Kxf2 dxe5 24. c5 e4 25. Nc4 f5 26. Nd6 Re7 27. Ke3 Kg7 28. h4 Kf6 29. Kf4 e3 30. Re1 b6 31. b4 bxc5 32. bxc5 Rb8 33. Bxc6 Rb4+ 34. Kf3 Rxh4 35. Ne8+ Kf7 36. Nd6+ Kf6 37. Ne8+ Kg5 38. Nd6 Rf4+ 39. Kg2 h4 40. Bf3 h3+ 41. Kg3 h2 42. c6 e2 43. Bg2 Rh7 44. Rxe2 Rg4+ 45. Kf3 Rh3+ 46. Bxh3 h1Q+ 47. Bg2 Rf4+ 48. Ke3 Qc1+ 49. Rd2 Qc5+ 50. Ke2 Rf2+ 51. Kd1 Rxd2+ 0-1

[Event "Titled Tuesday intern op 5th June"]
[Site "Chess.com INT"]
[Date "2018.06.05"]
[Round "9"]
[White "Neimer, Vitaly"]
[Black "Tnb, Andrew"]
[Result "1-0"]
[WhiteElo "2349"]
[BlackElo "2371"]
[PlyCount "61"]
[EventDate "2018.06.05"]
[EventType "swiss (blitz)"]
[EventRounds "10"]
[EventCountry "USA"]
[SourceTitle "EXT 2021"]
[Source "ChessBase"]
[SourceDate "2020.10.23"]
[SourceVersion "1"]
[SourceVersionDate "2020.10.23"]
[SourceQuality "1"]

1. d4 d5 2. Nf3 Nf6 3. g3 c6 4. Bg2 Bg4 5. 0-0 Nbd7 6. b3 e6 7. Bb2 Be7 8. c4 0-0 9. Nbd2 a5 10. h3 Bxf3 11. Bxf3 a4 12. e4 b5 13. e5 Ne8 14. cxb5 cxb5 15. Be2 Qa5 16. Nf3 Nc7 17. Rc1 a3 18. Bc3 b4 19. Bd2 Nb5 20. Qc2 Rfb8 21. Qd3 Nf8 22. h4 h6 23. g4 Ng6 24. h5 Nh4 25. Nxh4 Bxh4 26. f4 Be7 27. f5 Bg5 28. Bxg5 hxg5 29. fxe6 fxe6 30. Qg6 Nxd4 31. Bd3 1-0

[Event "Titled Tuesday intern op 5th June"]
[Site "Chess.com INT"]
[Date "2018.06.05"]
[Round "10"]
[White "Rosner, Jonas"]
[Black "Neimer, Vitaly"]
[Result "1/2-1/2"]
[WhiteElo "2412"]
[BlackElo "2349"]
[PlyCount "192"]
[EventDate "2018.06.05"]
[EventType "swiss (blitz)"]
[EventRounds "10"]
[EventCountry "USA"]
[SourceTitle "EXT 2021"]
[Source "ChessBase"]
[SourceDate "2020.10.23"]
[SourceVersion "1"]
[SourceVersionDate "2020.10.23"]
[SourceQuality "1"]

1. d4 Nf6 2. Nf3 b6 3. Bf4 Bb7 4. e3 g6 5. h3 Bg7 6. Be2 0-0 7. 0-0 c5 8. c3 d6 9. a4 a6 10. Nbd2 Nbd7 11. Bh2 Rc8 12. Bd3 e5 13. dxe5 Nxe5 14. Nxe5 dxe5 15. Qe2 Qc7 16. Bxa6 Rfd8 17. Bxb7 Qxb7 18. Bxe5 Rxd2 19. Qxd2 Ne4 20. Qd3 Bxe5 21. Rfd1 c4 22. Qd5 Qxd5 23. Rxd5 Rc5 24. Rxc5 Nxc5 25. a5 bxa5 26. Rxa5 Bd6 27. Ra8+ Kg7 28. Rd8 Be7 29. Rd4 Na4 30. Rxc4 Nxb2 31. Rc7 Bd6 32. Rc6 Ba3 33. g4 h6 34. Kg2 Kf8 35. f4 Ke7 36. Kf3 Nd3 37. c4 Bd6 38. Ra6 f5 39. Ra7+ Ke6 40. Rh7 Bf8 41. Ra7 Nc5 42. Rc7 Ne4 43. Rc8 Kf7 44. Kg2 h5 45. gxh5 gxh5 46. Kf3 h4 47. Ke2 Be7 48. Rc6 Ke8 49. Rh6 Kd7 50. Kf3 Nd2+ 51. Ke2 Nxc4 52. Rh5 Ke6 53. Rh6+ Kf7 54. Ra6 Nd6 55. Kf3 Ne4 56. Rc6 Bf6 57. Ra6 Nd2+ 58. Ke2 Ne4 59. Kf3 Be7 60. Rc6 Nd2+ 61. Ke2 Nb3 62. Rb6 Nc5 63. Rc6 Ne4 64. Kf3 Bd6 65. Ra6 Ke6 66. Ra8 Be7 67. Ra6+ Kd5 68. Ra5+ Bc5 69. Ra8 Nd2+ 70. Ke2 Nc4 71. Rd8+ Ke6 72. Rc8 Kd5 73. Rd8+ Bd6 74. Kf3 Nd2+ 75. Ke2 Ne4 76. Rh8 Be7 77. Ra8 Bc5 78. Rd8+ Ke6 79. Re8+ Be7 80. Kf3 Nd6 81. Ra8 Kd5 82. Ra5+ Ke6 83. Ra6 Kf7 84. Ra7 Kf6 85. Ra6 Ke6 86. Ra5 Ne4 87. Re5+ Kf6 88. Rxe4 fxe4+ 89. Kxe4 Ba3 90. Kf3 Bc1 91. Kg4 Bxe3 92. Kxh4 Bxf4 93. Kg4 Bc1 94. h4 Kg6 95. h5+ Kh6 96. Kf5 Kxh5 1/2-1/2

[Event "Titled Tuesday intern op 5th June"]
[Site "Chess.com INT"]
[Date "2018.06.05"]
[Round "7"]
[White "Terletsky, Oleg"]
[Black "Neimer, Vitaly"]
[Result "0-1"]
[WhiteElo "2257"]
[BlackElo "2349"]
[PlyCount "54"]
[EventDate "2018.06.05"]
[EventType "swiss (blitz)"]
[EventRounds "10"]
[EventCountry "USA"]
[SourceTitle "EXT 2021"]
[Source "ChessBase"]
[SourceDate "2020.10.23"]
[SourceVersion "1"]
[SourceVersionDate "2020.10.23"]
[SourceQuality "1"]

1. e4 c5 2. Nf3 Nc6 3. Nc3 e5 4. Bc4 d6 5. d3 Be7 6. Nd2 Nf6 7. Nf1 Nd7 8. a4 0-0 9. Ne3 Nb6 10. Ba2 Kh8 11. 0-0 Be6 12. Ned5 Bg5 13. Bxg5 Qxg5 14. Nc7 Bh3 15. Qf3 Bg4 16. Qg3 Rac8 17. N7d5 h6 18. h3 Be6 19. Qxg5 hxg5 20. Nxb6 axb6 21. Nb5 Bxa2 22. Rxa2 Nb4 23. Rd1 Nxa2 24. c3 Ra8 25. b3 Ra5 26. Kf1 Rxb5 27. axb5 Nxc3 0-1

[Event "Saint Louis IM"]
[Site "Saint Louis"]
[Date "2017.11.20"]
[Round "6"]
[White "Neimer, Vitaly"]
[Black "Hua, Lefong"]
[Result "1/2-1/2"]
[WhiteElo "2346"]
[BlackElo "2310"]
[PlyCount "37"]
[EventDate "2017.11.17"]
[EventType "tourn"]
[EventRounds "9"]
[EventCountry "USA"]
[EventCategory "4"]
[SourceTitle "CBM 181 Extra"]
[Source "ChessBase"]
[SourceDate "2017.12.12"]
[SourceVersion "1"]
[SourceVersionDate "2017.12.12"]
[SourceQuality "1"]

1. e4 c5 2. Nf3 g6 3. d4 cxd4 4. Qxd4 Nf6 5. Nc3 Nc6 6. Qa4 d6 7. e5 dxe5 8. Nxe5 Bd7 9. Nxd7 Qxd7 10. Be3 Bg7 11. Rd1 Qf5 12. Bb5 0-0 13. Bxc6 bxc6 14. Qxc6 Rfc8 15. Qa4 Rab8 16. 0-0 Rxb2 17. Rd3 a5 18. Rfd1 h5 19. h3 1/2-1/2

[Event "Saint Louis IM"]
[Site "Saint Louis"]
[Date "2017.11.18"]
[Round "3"]
[White "Arias Santana, Mauricio"]
[Black "Neimer, Vitaly"]
[Result "1/2-1/2"]
[WhiteElo "2308"]
[BlackElo "2346"]
[PlyCount "97"]
[EventDate "2017.11.17"]
[EventType "tourn"]
[EventRounds "9"]
[EventCountry "USA"]
[EventCategory "4"]
[SourceTitle "CBM 181 Extra"]
[Source "ChessBase"]
[SourceDate "2017.12.12"]
[SourceVersion "1"]
[SourceVersionDate "2017.12.12"]
[SourceQuality "1"]

1. d4 Nf6 2. Bf4 b6 3. e3 Bb7 4. Nf3 g6 5. h3 Bg7 6. Be2 0-0 7. 0-0 d6 8. c4 Nbd7 9. Nc3 Re8 10. Re1 e5 11. Bh2 Ne4 12. Nxe4 Bxe4 13. Qd2 a5 14. Rad1 Qe7 15. dxe5 Nxe5 16. Nd4 f5 17. Bf1 Qf7 18. Qc1 Kh8 19. Nb5 Bb7 20. b3 a4 21. b4 a3 22. c5 bxc5 23. bxc5 dxc5 24. Nxa3 Qxa2 25. Nc4 Nxc4 26. Bxc4 Qa4 27. f3 Re7 28. Bf4 Bf6 29. Bg3 Rae8 30. Bf2 Kg7 31. Re2 Ba6 32. Rc2 Bg5 33. f4 Bf6 34. Bxa6 Qxa6 35. Rxc5 Qa4 36. Rd2 Qa1 37. Qxa1 Bxa1 38. Rdc2 Rc8 39. g4 fxg4 40. hxg4 Kf7 41. Kg2 Bf6 42. Kf3 Rd7 43. f5 Be7 44. Rc6 Bd6 45. Bg3 Re8 46. Bf4 h5 47. fxg6+ Kxg6 48. gxh5+ Kxh5 49. Bxd6 1/2-1/2

[Event "Saint Louis IM"]
[Site "Saint Louis"]
[Date "2016.11.20"]
[Round "6"]
[White "Neimer, Vitaly"]
[Black "Hua, Lefong"]
[Result "1/2-1/2"]
[WhiteElo "2344"]
[BlackElo "2284"]
[PlyCount "119"]
[EventDate "2016.11.17"]
[EventType "tourn"]
[EventRounds "9"]
[EventCountry "USA"]
[EventCategory "3"]
[SourceTitle "CBM 175 Extra"]
[Source "ChessBase"]
[SourceDate "2016.12.12"]
[SourceVersion "1"]
[SourceVersionDate "2016.12.12"]
[SourceQuality "1"]

1. d4 Nf6 2. c4 g6 3. Nc3 Bg7 4. e4 d6 5. f3 0-0 6. Be3 c5 7. d5 e6 8. Qd2 exd5 9. cxd5 a6 10. a4 Nbd7 11. Nh3 Rb8 12. Nf2 Qc7 13. Be2 c4 14. 0-0 Nc5 15. Bxc4 Nxa4 16. Nxa4 b5 17. Be2 bxa4 18. Rxa4 Nd7 19. Rc1 Qd8 20. b4 Ra8 21. Qa2 Re8 22. Bxa6 Nb6 23. Ra5 Bxa6 24. Rxa6 Rxa6 25. Qxa6 Nxd5 26. exd5 Rxe3 27. Ne4 Bd4 28. Kh1 Qh4 29. Qf1 Be5 30. g3 Qh5 31. Kg2 Ra3 32. Qe2 Rb3 33. b5 Qf5 34. Rc2 Kg7 35. Rd2 h5 36. f4 Rb4 37. Nf2 Bc3 38. Rd3 Rb2 39. Qe3 Be1 40. Qd4+ Qf6 41. Qxf6+ Kxf6 42. Rf3 Bxf2 43. Rxf2 Rxb5 44. Rd2 Kf5 45. Rd4 Rb2+ 46. Kg1 Rb1+ 47. Kg2 Rb2+ 48. Kg1 f6 49. h3 Ra2 50. Kh1 Rc2 51. Kg1 Ra2 52. Kh1 g5 53. Kg1 Rb2 54. Kh1 g4 55. h4 Kg6 56. Kg1 Ra2 57. Kf1 Rb2 58. Kg1 f5 59. Kf1 Kf7 60. Rd3 1/2-1/2

[Event "Saint Louis SPICE Cup op 10th"]
[Site "Saint Louis"]
[Date "2016.10.19"]
[Round "4"]
[White "Neimer, Vitaly"]
[Black "Grabinsky, Aaron"]
[Result "1-0"]
[WhiteElo "2346"]
[BlackElo "2330"]
[PlyCount "71"]
[EventDate "2016.10.17"]
[EventType "swiss"]
[EventRounds "9"]
[EventCountry "USA"]
[SourceTitle "CBM 175 Extra"]
[Source "ChessBase"]
[SourceDate "2016.12.12"]
[SourceVersion "1"]
[SourceVersionDate "2016.12.12"]
[SourceQuality "1"]

1. Nf3 Nf6 2. c4 c5 3. Nc3 e6 4. g3 b6 5. Bg2 Bb7 6. 0-0 Be7 7. d4 d6 8. d5 exd5 9. cxd5 Na6 10. e4 Nc7 11. Nh4 g6 12. Bh6 Bf8 13. Bxf8 Kxf8 14. f4 b5 15. Qd2 b4 16. Nd1 Kg7 17. Ne3 Re8 18. Rae1 Ba6 19. Rf2 Nb5 20. e5 Nd7 21. Nc4 Nb6 22. Nxb6 axb6 23. f5 Rxe5 24. Rxe5 dxe5 25. d6 Rb8 26. f6+ Kg8 27. Bd5 Qf8 28. Nf3 Nxd6 29. Nxe5 Bb5 30. h4 Rd8 31. Qf4 Bd7 32. h5 Bf5 33. g4 Bb1 34. hxg6 Bxg6 35. Nxg6 hxg6 36. Qg5 1-0

[Event "Arlington DC op 2nd"]
[Site "Arlington"]
[Date "2014.06.28"]
[Round "5"]
[White "Paragua, Mark"]
[Black "Neimer, Vitaly"]
[Result "1/2-1/2"]
[WhiteElo "2510"]
[BlackElo "2375"]
[PlyCount "134"]
[EventDate "2014.06.26"]
[EventType "swiss"]
[EventRounds "9"]
[EventCountry "USA"]
[SourceTitle "CBM 161 Extra"]
[Source "ChessBase"]
[SourceDate "2014.08.29"]
[SourceVersion "1"]
[SourceVersionDate "2014.08.29"]
[SourceQuality "1"]

1. d4 Nf6 2. Bg5 d5 3. Bxf6 exf6 4. e3 Bd6 5. g3 0-0 6. Bg2 c6 7. Ne2 Bg4 8. h3 Be6 9. 0-0 Nd7 10. Nd2 f5 11. b3 Nf6 12. c4 Ne4 13. c5 Bc7 14. f4 Qd7 15. Qc2 a5 16. Kh2 h5 17. Bf3 g6 18. a3 Ra7 19. h4 Rfa8 20. Nc1 f6 21. Nd3 Qe7 22. Nb1 Bd7 23. Nc3 Nxc3 24. Qxc3 Re8 25. Rfe1 Rea8 26. Kg2 Kg7 27. Kf2 Kh6 28. Nb2 Qd8 29. Na4 Bc8 30. Qb2 Kg7 31. Nc3 Rb8 32. b4 axb4 33. axb4 Rba8 34. Rxa7 Rxa7 35. Ra1 Rxa1 36. Qxa1 Be6 37. Qa4 Bd7 38. Qa3 Be6 39. Bd1 Kf7 40. Bb3 Ke8 41. Qa7 Qb8 42. Qxb8+ Bxb8 43. b5 Kd7 44. b6 Ke7 45. Ne2 Kd7 46. Nc1 Bf7 47. Bc2 Ke6 48. Nd3 Kd7 49. Ke2 Kc8 50. Kd2 Kd7 51. Kc3 Kc8 52. Kb4 Kd7 53. Ba4 Be8 54. Ka5 Kc8 55. Nb4 Bd7 56. Na2 Be6 57. Bxc6 bxc6 58. Ka6 Bd7 59. Nc1 Be6 60. Nb3 Bd7 61. Na5 Be8 62. Nb7 Bd7 63. Nd6+ Bxd6 64. cxd6 Kb8 65. b7 Be8 66. Kb6 Bd7 67. Ka6 Be8 1/2-1/2

[Event "Saint Louis SPICE Cup op 7th"]
[Site "Saint Louis"]
[Date "2013.10.18"]
[Round "6"]
[White "Neimer, Vitaly"]
[Black "Li, Ruifeng"]
[Result "1/2-1/2"]
[WhiteElo "2378"]
[BlackElo "2246"]
[PlyCount "53"]
[EventDate "2013.10.15"]
[EventType "swiss"]
[EventRounds "9"]
[EventCountry "USA"]
[SourceTitle "EXT 2014"]
[Source "ChessBase"]
[SourceDate "2013.11.20"]
[SourceVersion "1"]
[SourceVersionDate "2013.11.20"]
[SourceQuality "1"]

1. e4 c5 2. Nf3 Nc6 3. Bb5 e6 4. 0-0 Nge7 5. Re1 a6 6. Bf1 d5 7. exd5 Nxd5 8. d4 Nf6 9. Be3 Be7 10. dxc5 Qxd1 11. Rxd1 Ng4 12. Bf4 Bxc5 13. Bg3 0-0 14. Nc3 f5 15. h3 f4 16. Bh4 Nf6 17. Bc4 b5 18. Bb3 Na5 19. Ne5 Ra7 20. Rd3 Nxb3 21. axb3 Rc7 22. Rad1 Be7 23. R1d2 Bb7 24. Nd7 Rf7 25. Ne5 Rf8 26. Nd7 Rf7 27. Ne5 1/2-1/2

[Event "USA tt"]
[Site "ICC INT"]
[Date "2013.09.18"]
[Round "4"]
[White "Bonin, Jay R"]
[Black "Neimer, Vitaly"]
[Result "1/2-1/2"]
[WhiteElo "2341"]
[BlackElo "2379"]
[PlyCount "68"]
[EventDate "2013.08.27"]
[EventType "team-tourn"]
[EventRounds "10"]
[EventCountry "USA"]
[SourceTitle "CBM 156 Extra"]
[Source "ChessBase"]
[SourceDate "2013.10.22"]
[SourceVersion "1"]
[SourceVersionDate "2013.10.22"]
[SourceQuality "1"]
[WhiteTeam "Connecticut"]
[BlackTeam "St Louis"]
[WhiteTeamCountry "USA"]
[BlackTeamCountry "USA"]

1. d4 Nf6 2. Nf3 e6 3. c4 b6 4. g3 Ba6 5. Nbd2 c5 6. Bg2 Nc6 7. dxc5 bxc5 8. 0-0 Be7 9. b3 0-0 10. Bb2 Qc7 11. Qb1 h6 12. Ne4 Nxe4 13. Qxe4 f5 14. Qe3 Rad8 15. Rfd1 Bb7 16. Ne5 Nxe5 17. Bxe5 d6 18. Bxd6 Rxd6 19. Rxd6 Qxd6 20. Bxb7 Rd8 21. b4 Qb6 22. Bd5 Kf7 23. Bf3 cxb4 24. Qb3 Qd4 25. Rb1 Bc5 26. e3 Qd3 27. Qb2 Qc3 28. Qxc3 bxc3 29. Rc1 Rd3 30. Rc2 Ke7 31. Kf1 Bb4 32. Ke2 Rd2+ 33. Rxd2 cxd2 34. c5 Bxc5 1/2-1/2

[Event "Washington op 2nd"]
[Site "Rockville"]
[Date "2013.08.08"]
[Round "5"]
[White "Neimer, Vitaly"]
[Black "Li, Ruifeng"]
[Result "1/2-1/2"]
[WhiteElo "2379"]
[BlackElo "2246"]
[PlyCount "27"]
[EventDate "2013.08.06"]
[EventType "swiss"]
[EventRounds "9"]
[EventCountry "USA"]
[SourceTitle "EXT 2014"]
[Source "ChessBase"]
[SourceDate "2013.11.20"]
[SourceVersion "1"]
[SourceVersionDate "2013.11.20"]
[SourceQuality "1"]

1. e4 c5 2. Nf3 Nc6 3. Bb5 e6 4. 0-0 Nge7 5. Nc3 a6 6. Bxc6 Nxc6 7. d4 cxd4 8. Nxd4 Be7 9. Re1 0-0 10. Bf4 d6 11. Nxc6 bxc6 12. Na4 e5 13. Be3 f5 14. Qd3 1/2-1/2

[Event "World op 41st"]
[Site "Arlington"]
[Date "2013.07.03"]
[Round "3"]
[White "Neimer, Vitaly"]
[Black "Williams, Justus D"]
[Result "1-0"]
[WhiteElo "2393"]
[BlackElo "2199"]
[PlyCount "65"]
[EventDate "2013.07.01"]
[EventType "swiss"]
[EventRounds "9"]
[EventCountry "USA"]
[SourceTitle "CBM 155 Extra"]
[Source "ChessBase"]
[SourceDate "2013.08.26"]
[SourceVersion "1"]
[SourceVersionDate "2013.08.26"]
[SourceQuality "1"]

1. d4 Nf6 2. Nf3 e6 3. c4 Bb4+ 4. Bd2 Qe7 5. g3 Nc6 6. Bg2 Bxd2+ 7. Nbxd2 d6 8. 0-0 0-0 9. e4 e5 10. d5 Nb8 11. Ne1 c6 12. Nd3 a5 13. Rc1 cxd5 14. cxd5 Nbd7 15. f4 b6 16. fxe5 dxe5 17. Nc4 Ba6 18. Bh3 Rfc8 19. b3 Bxc4 20. bxc4 Nxe4 21. Bxd7 Qxd7 22. Nxe5 Qd6 23. Nxf7 Qc5+ 24. Kg2 Rf8 25. Qg4 Qd4 26. Rce1 Rae8 27. Nh6+ Kh8 28. Qxe4 Qd2+ 29. Kg1 gxh6 30. Rxf8+ Rxf8 31. Qe3 Qxa2 32. Qd4+ Kg8 33. d6 1-0

[Event "Chicago op 22nd"]
[Site "Wheeling"]
[Date "2013.05.27"]
[Round "8"]
[White "Neimer, Vitaly"]
[Black "Coraretti, Benjamin J"]
[Result "1/2-1/2"]
[WhiteElo "2420"]
[BlackElo "2151"]
[PlyCount "96"]
[EventDate "2013.05.23"]
[EventType "swiss"]
[EventRounds "9"]
[EventCountry "USA"]
[SourceTitle "CBM 154 Extra"]
[Source "ChessBase"]
[SourceDate "2013.06.25"]
[SourceVersion "2"]
[SourceVersionDate "2013.06.25"]
[SourceQuality "1"]

1. e4 e5 2. Nf3 Nc6 3. Bb5 Nf6 4. 0-0 Nxe4 5. d4 Nd6 6. dxe5 Nxb5 7. a4 Nbd4 8. Nxd4 Nxd4 9. Qxd4 d5 10. Rd1 Be6 11. Qf4 Qe7 12. a5 Qb4 13. Qg3 c6 14. Nc3 Qg4 15. Be3 Qxg3 16. hxg3 h5 17. Ra4 Bf5 18. Rd2 g6 19. Ne2 Bh6 20. Bxh6 Rxh6 21. c4 dxc4 22. Rxc4 Rd8 23. Rxd8+ Kxd8 24. a6 Kc7 25. axb7 Kxb7 26. Nd4 Be4 27. Rb4+ Kc8 28. Nb3 Bd5 29. Nc5 a5 30. Ra4 Kc7 31. Rxa5 Kb6 32. b4 h4 33. Nd7+ Kb7 34. Nf6 Be6 35. g4 Rh8 36. Kh2 Rd8 37. Kh3 Rd4 38. Kxh4 Rxb4 39. Kg5 Rb5 40. Rxb5+ cxb5 41. f4 b4 42. f5 gxf5 43. gxf5 Bc4 44. Ne4 Bd5 45. Nf2 b3 46. Nd1 Kc8 47. g4 Kd8 48. Kf6 Bf3 1/2-1/2